[Event "Guwahati Sakatam op 1st"]
[Site "Guwahati"]
[Date "2024.03.26"]
[Round "6"]
[White "Kishan, Kumar"]
[Black "Mishra, Neeraj Kumar"]
[Result "1-0"]
[WhiteElo "1867"]
[BlackElo "2150"]
[PlyCount "85"]
[EventDate "2024.03.23"]
[EventType "swiss"]
[EventRounds "10"]
[EventCountry "IND"]
[SourceTitle "CB15_2024"]
[SourceDate "2024.04.10"]
[SourceVersion "1"]
[SourceVersionDate "2024.04.10"]
[SourceQuality "1"]

1. d4 Nf6 2. Nf3 e6 3. c4 b6 4. a3 Ba6 5. Qc2 Bb7 6. Nc3 c5 7. Bg5 cxd4 8. Nxd4 Nc6 9. e3 Be7 10. Rd1 a6 11. Nf3 Rc8 12. Bd3 h6 13. Bf4 Na5 14. Qe2 Nh5 15. Ne5 Nxf4 16. exf4 d6 17. Qh5 dxe5 18. Bg6 Qxd1+ 19. Nxd1 fxg6 20. Qxg6+ Kd7 21. f5 exf5 22. Qxb6 Bd8 23. Qg6 Bf6 24. Qf7+ Kd8 25. Ne3 Rc7 26. Qe6 Nc6 27. 0-0 Nd4 28. Rd1 Rd7 29. Qb6+ Ke7 30. Nxf5+ Kf7 31. Nd6+ Kg6 32. c5 Kh7 33. Nxb7 Nf3+ 34. gxf3 Rxd1+ 35. Kg2 Rf8 36. c6 e4 37. Qe3 exf3+ 38. Qxf3 Rc1 39. b4 Rc3 40. Qf5+ Kg8 41. Nc5 Rf7 42. Qd5 Kf8 43. Qxf7+ 1-0

[Event "Agartala Dutta Memorial 3rd"]
[Site "Agartala"]
[Date "2023.11.06"]
[Round "10"]
[White "Kishan, Kumar"]
[Black "Arshiya, Das"]
[Result "1-0"]
[WhiteElo "1720"]
[BlackElo "1808"]
[PlyCount "121"]
[EventDate "2023.11.01"]
[EventType "swiss"]
[EventRounds "10"]
[EventCountry "IND"]
[SourceTitle "CB46_2023"]
[SourceDate "2023.11.15"]
[SourceVersion "1"]
[SourceVersionDate "2023.11.15"]
[SourceQuality "1"]

1. d4 d6 2. e4 Nd7 3. Nf3 e5 4. dxe5 dxe5 5. Bc4 c6 6. 0-0 Be7 7. Re1 h6 8. Nbd2 Ngf6 9. Nf1 Qc7 10. Ng3 Nb6 11. Bb3 0-0 12. h3 Nh7 13. Nf5 Bxf5 14. exf5 Bf6 15. Qe2 Rfe8 16. Qe4 Nc8 17. Qg4 Kh8 18. Bf4 Nb6 19. Bg3 Re7 20. Rad1 Rae8 21. Nd2 Bg5 22. Ne4 Nf6 23. Nxf6 Bxf6 24. Qh5 Rf8 25. Re4 Nd7 26. Rg4 Qc8 27. Re1 Qe8 28. Rge4 Nc5 29. R4e3 Nd7 30. c3 Bg5 31. f4 exf4 32. Bxf4 Rxe3 33. Rxe3 Qd8 34. Bxg5 Qxg5 35. Qxg5 hxg5 36. Re7 Nc5 37. Bxf7 a6 38. b4 Na4 39. c4 Rb8 40. h4 gxh4 41. Re4 g5 42. fxg6 Kg7 43. Rxh4 Nb6 44. Rh7+ Kf6 45. g4 Nd7 46. g5+ Ke7 47. Bd5+ Kd6 48. c5+ Kxd5 49. Rxd7+ Ke6 50. Rc7 Kf5 51. g7 Kxg5 52. Rxb7 Rg8 53. Rc7 Kf4 54. Kf2 Ke4 55. Rxc6 Rxg7 56. Rxa6 Kd5 57. a4 Rf7+ 58. Ke3 Rh7 59. Rd6+ Ke5 60. Kd3 Ra7 61. a5 1-0

[Event "Agartala Dutta Memorial 3rd"]
[Site "Agartala"]
[Date "2023.11.05"]
[Round "8"]
[White "Kishan, Kumar"]
[Black "Debankur, Banerjee"]
[Result "1-0"]
[WhiteElo "1720"]
[BlackElo "1462"]
[PlyCount "133"]
[EventDate "2023.11.01"]
[EventType "swiss"]
[EventRounds "10"]
[EventCountry "IND"]
[SourceTitle "CB46_2023"]
[SourceDate "2023.11.15"]
[SourceVersion "1"]
[SourceVersionDate "2023.11.15"]
[SourceQuality "1"]

1. d4 Nf6 2. c4 e6 3. Nc3 d5 4. cxd5 exd5 5. Bg5 Be7 6. Qc2 0-0 7. e3 c6 8. Bd3 h6 9. Bh4 Re8 10. Nge2 Ne4 11. Bxe7 Qxe7 12. Bxe4 dxe4 13. 0-0 Bf5 14. Rfd1 Na6 15. a3 Bg4 16. Rd2 Bxe2 17. Rxe2 Nc7 18. Qb3 Rab8 19. Rc2 Qe6 20. Qxe6 Rxe6 21. b4 Ree8 22. Kf1 f5 23. Ke2 Kf7 24. Rb1 Rbc8 25. a4 a6 26. Rbc1 Rcd8 27. b5 axb5 28. axb5 Nxb5 29. Nxb5 cxb5 30. Rc5 Kf6 31. Rxb5 Rd7 32. Rcb1 Ree7 33. Rb6+ Kf7 34. h4 h5 35. Kf1 g6 36. Kg1 Kg7 37. R1b5 Rf7 38. Kh2 Kh7 39. Kg3 f4+ 40. exf4 Rxd4 41. Rxb7 Kg7 42. Rxf7+ Kxf7 43. f5 e3 44. fxg6+ Kxg6 45. fxe3 Rg4+ 46. Kh3 Re4 47. Rg5+ Kh6 48. Rg3 Kh7 49. Rf3 Kg6 50. g3 Kh6 51. Kg2 Kg6 52. Kf2 Ra4 53. Rf8 Kg7 54. Rf5 Kg6 55. Rg5+ Kh6 56. Kf3 Ra3 57. Kf4 Ra8 58. e4 Re8 59. e5 Rf8+ 60. Ke4 Re8 61. Kd5 Rd8+ 62. Ke6 Ra8 63. Kf6 Rf8+ 64. Ke7 Ra8 65. e6 Ra1 66. Kf6 Rf1+ 67. Rf5 1-0

[Event "Agartala Dutta Memorial 3rd"]
[Site "Agartala"]
[Date "2023.11.04"]
[Round "7"]
[White "Kishan, Kumar"]
[Black "Souradip, Deb"]
[Result "1/2-1/2"]
[WhiteElo "1720"]
[BlackElo "1845"]
[PlyCount "130"]
[EventDate "2023.11.01"]
[EventType "swiss"]
[EventRounds "10"]
[EventCountry "IND"]
[SourceTitle "CB46_2023"]
[SourceDate "2023.11.15"]
[SourceVersion "1"]
[SourceVersionDate "2023.11.15"]
[SourceQuality "1"]

1. d4 Nf6 2. c4 g6 3. Nc3 Bg7 4. e4 d6 5. Nf3 Bg4 6. Be2 Nfd7 7. Be3 0-0 8. h3 Bxf3 9. Bxf3 Nc6 10. d5 Nce5 11. Be2 Nb6 12. Qb3 Ned7 13. 0-0 c6 14. Rac1 Qc7 15. Qc2 e6 16. Rfd1 Rfe8 17. dxc6 bxc6 18. Qd2 Bf8 19. Bh6 Be7 20. h4 e5 21. b4 Nf8 22. b5 Ne6 23. Be3 c5 24. h5 Nd4 25. Rb1 a5 26. a4 Bd8 27. Nd5 Qd7 28. Nxb6 Bxb6 29. Kh2 f6 30. hxg6 hxg6 31. Rh1 Kf7 32. g3 Rh8+ 33. Kg2 Rag8 34. Rxh8 Rxh8 35. Rh1 Rxh1 36. Kxh1 Qh3+ 37. Kg1 Qh7 38. Qd1 Ke7 39. Bf1 f5 40. Bg2 Qf7 41. exf5 gxf5 42. Bd5 Qg6 43. Kg2 Qh7 44. Qh1 Qxh1+ 45. Kxh1 Kf6 46. Bxd4 cxd4 47. Kg2 d3 48. Kf1 d2 49. Ke2 Bxf2 50. Kxd2 e4 51. g4 Bd4 52. Ke2 Kg5 53. gxf5 Kxf5 54. Kd2 Ke5 55. Ke2 Bc5 56. Kd2 Kd4 57. Bf7 e3+ 58. Kc2 Bb4 59. Bh5 Kxc4 60. b6 d5 61. b7 Bd6 62. Bf3 d4 63. Be2+ Kb4 64. Kd3 Kxa4 65. Kxd4 Kb4 1/2-1/2

[Event "Agartala Dutta Memorial 3rd"]
[Site "Agartala"]
[Date "2023.11.02"]
[Round "3"]
[White "Karnav, P Deka1"]
[Black "Kishan, Kumar"]
[Result "0-1"]
[WhiteElo "1410"]
[BlackElo "1720"]
[PlyCount "100"]
[EventDate "2023.11.01"]
[EventType "swiss"]
[EventRounds "10"]
[EventCountry "IND"]
[SourceTitle "CB46_2023"]
[SourceDate "2023.11.15"]
[SourceVersion "1"]
[SourceVersionDate "2023.11.15"]
[SourceQuality "1"]

1. e4 c5 2. f4 Nc6 3. Nf3 g6 4. Bb5 Bg7 5. 0-0 Nd4 6. Nxd4 cxd4 7. Be2 d6 8. Bb5+ Bd7 9. Bxd7+ Qxd7 10. d3 Rc8 11. Bd2 Nf6 12. h3 0-0 13. c4 dxc3 14. Bxc3 b5 15. Nd2 a5 16. a3 Rc6 17. Kh2 Ra8 18. Qb3 Rc5 19. Nf3 Ne8 20. Bxg7 Nxg7 21. Ng5 e6 22. Rac1 Rac8 23. Rc3 Rxc3 24. bxc3 Qc6 25. Rb1 h6 26. Nf3 Qxc3 27. Qxb5 Qxa3 28. Qa6 Rf8 29. Rb6 Rd8 30. Rb7 Qc5 31. Rb5 Qe3 32. Qxa5 Qxf4+ 33. Kh1 Rc8 34. Rb1 Nh5 35. Qb5 Ng3+ 36. Kg1 Ne2+ 37. Kh1 Ng3+ 38. Kg1 Kg7 39. Qb2+ e5 40. d4 Qxe4 41. dxe5 Rc2 42. Qa1 Ne2+ 43. Kh1 Ng3+ 44. Kg1 Re2 45. exd6+ Kh7 46. d7 Qe3+ 47. Kh2 Qxf3 48. Rg1 Qf4 49. Qh8+ Kxh8 50. d8Q+ Kh7 0-1

[Event "Dolakha Tamang Memorial"]
[Site "Dolakha"]
[Date "2023.05.22"]
[Round "8"]
[White "Kishan, Kumar"]
[Black "Singh, Soram Rahul"]
[Result "0-1"]
[WhiteElo "1678"]
[BlackElo "1779"]
[PlyCount "82"]
[EventDate "2023.05.19"]
[EventType "swiss"]
[EventRounds "9"]
[EventCountry "NEP"]
[SourceTitle "EXT 2024"]
[Source "ChessBase"]
[SourceDate "2023.10.10"]
[SourceVersion "1"]
[SourceVersionDate "2023.10.10"]
[SourceQuality "1"]

1. d4 Nf6 2. c4 e6 3. Nc3 Bb4 4. f3 d5 5. a3 Bxc3+ 6. bxc3 c5 7. cxd5 exd5 8. e3 c4 9. Ne2 0-0 10. g4 Nc6 11. Bg2 Na5 12. 0-0 Nb3 13. Rb1 Re8 14. Ng3 Qa5 15. g5 Nd7 16. Qe1 Nb6 17. e4 Na4 18. Bb2 b5 19. e5 Nxb2 20. Rxb2 Qxa3 21. Re2 a5 22. f4 Rd8 23. f5 Qe7 24. f6 Qf8 25. fxg7 Qxg7 26. Nh5 Qxg5 27. Nf6+ Kh8 28. Re3 Be6 29. Rff3 Rg8 30. Rg3 Qh6 31. Nxg8 Rxg8 32. Qf2 b4 33. Qf6+ Qxf6 34. exf6 bxc3 35. Rxc3 Nxd4 36. Rxg8+ Kxg8 37. Kf2 Nb3 38. Rg3+ Kh8 39. Rg5 c3 40. Be4 dxe4 41. Rb5 h6 0-1

[Event "Agartala Tripura Dutta Memorial 2nd"]
[Site "Agartala Tripura"]
[Date "2022.08.17"]
[Round "8"]
[White "Delgado Ramirez, Neuris"]
[Black "Kishan, Kumar"]
[Result "1-0"]
[WhiteElo "2579"]
[BlackElo "1761"]
[PlyCount "111"]
[EventDate "2022.08.13"]
[EventType "swiss"]
[EventRounds "10"]
[EventCountry "IND"]
[SourceTitle "EXT 2023"]
[Source "ChessBase"]
[SourceDate "2022.10.05"]
[SourceVersion "1"]
[SourceVersionDate "2022.10.05"]
[SourceQuality "1"]

1. e4 c5 2. c3 d5 3. exd5 Qxd5 4. Nf3 Bg4 5. Qa4+ Bd7 6. Qb3 Qxb3 7. axb3 Nc6 8. Na3 Rc8 9. Nc4 Nf6 10. Be2 g6 11. 0-0 Bg7 12. Na5 Nxa5 13. Rxa5 a6 14. d4 cxd4 15. Nxd4 Bg4 16. f3 Bd7 17. f4 Ne4 18. Rd1 0-0 19. Bf3 Nd6 20. Be3 Rfd8 21. g4 Bxd4 22. Rxd4 Bc6 23. Be2 Nb5 24. Rxd8+ Rxd8 25. Ra1 f6 26. Kf2 Kf7 27. Bc4+ Ke8 28. Be2 Nd6 29. Bb6 Rd7 30. Ke3 f5 31. g5 Ne4 32. Bd4 Bd5 33. c4 Bc6 34. b4 Nd6 35. b3 Rd8 36. h4 Kf8 37. Bb6 Rc8 38. h5 Be8 39. hxg6 Bxg6 40. b5 axb5 41. c5 Ne4 42. Bxb5 Be8 43. Bxe8 Kxe8 44. b4 Kd7 45. Kd4 h6 46. gxh6 Rh8 47. b5 Rxh6 48. Ra7 Rxb6 49. cxb6 Nd6 50. Ke5 e6 51. Kf6 Ne4+ 52. Kf7 Nd6+ 53. Kf8 Nxb5 54. Rxb7+ Kc8 55. Rh7 Nc3 56. Rc7+ 1-0